000 00970nam a2200265Ia 4500
001 dia_1877
003 CHAP
005 20230427133851.0
008 220117s1973 xx 000 0 und d
010 _a172415
040 _cCHAP
082 _a633.15 S54
111 _aSimposio Sobre Desarrollo y Utilización de Maices de Alto Valor Nutritivo. 1o. México 1972.
_9151755
245 _aSimposio Sobre Desarrollo y Utilización de Maices de Alto Valor Nutritivo
260 _aMéxico :
_b Colegio de Postgraduados,
_c1973
300 _a226 p.
650 _aCereales como alimento
_9143613
650 _aHarina de maíz
_xDiscursos, ensayos, conferencias
_9151756
650 _aMaíz
_xDerivados
_xDiscursos, ensayos, conferencias
_9151757
650 _aMaíz
_xValor nutritivo
_xDiscursos, ensayos, conferencias
_9151758
901 _a633.15 S54
902 _aM
905 _a0000001973 mx X 0000000000spa00
942 _cLIBRO
_2ddc
999 _c172415
_d172415